[Event "Novosibirsk April op"]
[Site "Novosibirsk"]
[Date "2010.04.02"]
[Round "1"]
[White "Evtushenko, Grigoriy"]
[Black "Ikonnikov, Vladimir"]
[Result "1-0"]
[WhiteElo "2094"]
[BlackElo "1829"]
[PlyCount "53"]
[EventDate "2010.04.02"]
[EventType "swiss"]
[EventRounds "9"]
[EventCountry "RUS"]
[SourceTitle "EXT 2011"]
[Source "ChessBase"]
[SourceDate "2010.11.26"]
[SourceVersion "1"]
[SourceVersionDate "2010.11.26"]
[SourceQuality "1"]

1. e4 e6 2. d4 d5 3. Nc3 dxe4 4. Nxe4 Nf6 5. Bg5 Be7 6. Bxf6 gxf6 7. Nf3 b6 8. Bb5+ c6 9. Bd3 Na6 10. c3 Nc7 11. Qd2 h5 12. 0-0-0 a5 13. h3 f5 14. Ng3 Nd5 15. Ne2 Rg8 16. Rhg1 Bg5 17. Nxg5 Qxg5 18. f4 Qh4 19. g3 Qxh3 20. Rh1 Qg4 21. Rh4 Qf3 22. Rdh1 Nf6 23. c4 c5 24. d5 exd5 25. cxd5 Qxd5 26. Rxh5 Nxh5 27. Bb5+ 1-0

[Event "Novosibirsk Region op"]
[Site "Novosibirsk"]
[Date "2007.12.06"]
[Round "2"]
[White "Evtushenko, Grigoriy"]
[Black "Karimov, Adkhamzhan"]
[Result "1-0"]
[WhiteElo "2110"]
[BlackElo "2168"]
[PlyCount "37"]
[EventDate "2007.12.05"]
[EventType "swiss"]
[EventRounds "9"]
[EventCountry "RUS"]
[SourceTitle "CBM 122 Extra"]
[Source "ChessBase"]
[SourceDate "2008.03.04"]
[SourceVersion "1"]
[SourceVersionDate "2008.03.04"]
[SourceQuality "1"]

1. e4 e6 2. d4 d5 3. Nc3 dxe4 4. Nxe4 Nf6 5. Bg5 Be7 6. Bxf6 Bxf6 7. Nf3 0-0 8. Qd2 b6 9. 0-0-0 Bb7 10. Bd3 Nd7 11. h4 e5 12. Neg5 g6 13. h5 Bxf3 14. Nxf3 exd4 15. hxg6 hxg6 16. Qh6 Re8 17. Bxg6 fxg6 18. Qxg6+ Bg7 19. Ng5 1-0

[Event "Nizhnij Novgorod Region-ch"]
[Site "Nizhnij Novgorod"]
[Date "2007.10.??"]
[Round "?"]
[White "Mikhailov, Pavel"]
[Black "Evtushenko, Grigoriy"]
[Result "0-1"]
[WhiteElo "1865"]
[BlackElo "2110"]
[PlyCount "134"]
[EventDate "2007.10.??"]
[EventType "swiss"]
[EventRounds "9"]
[EventCountry "RUS"]
[SourceTitle "EXT 2009"]
[Source "ChessBase"]
[SourceDate "2008.11.26"]
[SourceVersion "1"]
[SourceVersionDate "2008.11.26"]
[SourceQuality "1"]

1. e4 c5 2. c3 d5 3. exd5 Qxd5 4. d4 e6 5. Nf3 Nf6 6. Bf4 Qe4+ 7. Be3 cxd4 8. Qxd4 Nc6 9. Qxe4 Nxe4 10. Bd3 Nf6 11. Nbd2 Nd5 12. Bg5 Bd6 13. 0-0 0-0 14. Rfe1 Be7 15. Bxe7 Ndxe7 16. Nc4 Rd8 17. Rad1 b6 18. Be4 Ba6 19. Nfe5 Rxd1 20. Rxd1 Rd8 21. Rxd8+ Nxd8 22. Ne3 Bb5 23. f4 Nc8 24. Bd3 Bxd3 25. Nxd3 Kf8 26. Kf2 Ke7 27. Nc4 Nd6 28. Nce5 f6 29. Nf3 Nc6 30. Ke2 a6 31. g4 Nf7 32. Ke3 Kd6 33. Nd4 Nxd4 34. Kxd4 Kc6 35. c4 g5 36. fxg5 Nxg5 37. Ke3 Nf7 38. Kf4 Nd6 39. b3 e5+ 40. Ke3 a5 41. Nf2 a4 42. Nd3 axb3 43. axb3 Ne8 44. Nb4+ Kc5 45. Nd3+ Kd6 46. b4 Kc6 47. c5 bxc5 48. bxc5 Kd5 49. h4 h6 50. Nf2 Kxc5 51. g5 hxg5 52. Ne4+ Kd5 53. hxg5 f5 54. Nf2 Ke6 55. Kf3 Kf7 56. Kg3 Kg6 57. Kh4 Nd6 58. Nd3 Nf7 59. Nc5 Nxg5 60. Nd7 Nf7 61. Nc5 Kf6 62. Kg3 Ke7 63. Kf3 Kd6 64. Nb3 Kd5 65. Ke3 Ng5 66. Nd2 f4+ 67. Ke2 e4 0-1

[Event "Nizhnij Novgorod Region-ch"]
[Site "Nizhnij Novgorod"]
[Date "2007.10.??"]
[Round "?"]
[White "Terentjev, Vladislav"]
[Black "Evtushenko, Grigoriy"]
[Result "1/2-1/2"]
[WhiteElo "2086"]
[BlackElo "2110"]
[PlyCount "91"]
[EventDate "2007.10.??"]
[EventType "swiss"]
[EventRounds "9"]
[EventCountry "RUS"]
[SourceTitle "EXT 2009"]
[Source "ChessBase"]
[SourceDate "2008.11.26"]
[SourceVersion "1"]
[SourceVersionDate "2008.11.26"]
[SourceQuality "1"]

1. e4 c5 2. Nf3 d6 3. d4 cxd4 4. Nxd4 Nf6 5. Nc3 a6 6. a4 e6 7. Nb3 Be7 8. Be2 0-0 9. 0-0 Bd7 10. Be3 Nc6 11. a5 Na7 12. f4 Bc6 13. Bf3 Nb5 14. Nxb5 axb5 15. Bb6 Qb8 16. Qd3 Nd7 17. Bf2 Nc5 18. Nxc5 dxc5 19. e5 Qc7 20. Bxc6 Qxc6 21. c3 c4 22. Qe2 Bc5 23. Rfd1 Rfd8 24. Bxc5 Qxc5+ 25. Qf2 Qxf2+ 26. Kxf2 g6 27. Ke3 Rxd1 28. Rxd1 Rxa5 29. Rd7 Ra2 30. Rxb7 Rxb2 31. Kf3 Rb3 32. Kf2 Rxc3 33. Rxb5 h5 34. Rc5 h4 35. Rc7 h3 36. gxh3 Rxh3 37. Rxc4 Rxh2+ 38. Kg3 Rh1 39. Rc7 Kg7 40. Kf3 g5 41. fxg5 Kg6 42. Ke4 Rg1 43. Rc2 Rxg5 44. Rf2 Rg4+ 45. Ke3 Rg5 46. Ke4 1/2-1/2

[Event "Novosibirsk Sibiria op-C"]
[Site "Novosibirsk"]
[Date "2007.07.26"]
[Round "6"]
[White "Toder, Denis"]
[Black "Evtushenko, Grigoriy"]
[Result "1-0"]
[WhiteElo "2217"]
[BlackElo "2148"]
[PlyCount "65"]
[EventDate "2007.07.21"]
[EventType "swiss"]
[EventRounds "9"]
[EventCountry "RUS"]
[SourceTitle "EXT 2008"]
[Source "ChessBase"]
[SourceDate "2007.11.25"]
[SourceVersion "1"]
[SourceVersionDate "2007.11.25"]
[SourceQuality "1"]

1. e4 c5 2. c3 d5 3. exd5 Qxd5 4. d4 cxd4 5. cxd4 e5 6. dxe5 Qxd1+ 7. Kxd1 Nc6 8. f4 Bg4+ 9. Be2 0-0-0+ 10. Bd2 Bf5 11. Nc3 f6 12. Nf3 Nh6 13. exf6 gxf6 14. h3 Bc5 15. g4 Bd3 16. Bxd3 Rxd3 17. Ke2 Rd7 18. Rhd1 Re8+ 19. Kf1 Rd3 20. Kg2 f5 21. g5 Nf7 22. Be1 Nb4 23. a3 Rxd1 24. Rxd1 Nc2 25. Bf2 Be3 26. Nd5 Bxf2 27. Kxf2 Kb8 28. Rc1 Rd8 29. Ne7 Rd7 30. Nxf5 Rc7 31. N3d4 Nxd4 32. Rxc7 Kxc7 33. Nxd4 1-0

[Event "Berdsk Maestro op 13th"]
[Site "Berdsk"]
[Date "2007.07.13"]
[Round "6.17"]
[White "Evtushenko, Grigoriy"]
[Black "Demidov, Danil"]
[Result "0-1"]
[WhiteElo "2148"]
[BlackElo "1992"]
[PlyCount "93"]
[EventDate "2007.07.08"]
[EventType "swiss"]
[EventRounds "9"]
[EventCountry "RUS"]
[SourceTitle "EXT 2022"]
[Source "ChessBase"]
[SourceDate "2021.10.06"]
[SourceVersion "1"]
[SourceVersionDate "2021.10.06"]
[SourceQuality "1"]

1. e4 c5 2. c3 d5 3. exd5 Qxd5 4. d4 Nc6 5. Nf3 Bg4 6. Be2 cxd4 7. cxd4 e6 8. 0-0 Nf6 9. Nc3 Qa5 10. h3 Bh5 11. Be3 Bd6 12. a3 0-0 13. b4 Qd8 14. b5 Ne7 15. Ne5 Bxe2 16. Qxe2 Qa5 17. Bd2 Qb6 18. Be3 Rac8 19. Na4 Qa5 20. Nc5 Rxc5 21. dxc5 Bxe5 22. Bd2 Qc7 23. b6 axb6 24. cxb6 Qb8 25. Rab1 Nfd5 26. a4 Nc6 27. Rfc1 Qd6 28. a5 Ra8 29. Rc4 h6 30. Ra4 Ra6 31. Qe1 Qd7 32. Rc4 Bb8 33. f4 Nce7 34. Rbc1 Bd6 35. Qe4 Ra8 36. g4 Rf8 37. Re1 Bb8 38. Bc1 Qd6 39. Qd4 Nc6 40. Qa1 e5 41. Ba3 Ncb4 42. Rd1 Qe7 43. Rdd4 exd4 44. Rxb4 Qe3+ 45. Kg2 Rc8 46. Qd1 Qxa3 47. Rxd4 0-1

[Event "Berdsk Maestro op 13th"]
[Site "Berdsk"]
[Date "2007.07.10"]
[Round "3"]
[White "Makarevich, Julia"]
[Black "Evtushenko, Grigoriy"]
[Result "0-1"]
[WhiteElo "1938"]
[BlackElo "2148"]
[PlyCount "100"]
[EventDate "2007.07.08"]
[EventType "swiss"]
[EventRounds "9"]
[EventCountry "RUS"]
[SourceTitle "EXT 2022"]
[Source "ChessBase"]
[SourceDate "2021.10.06"]
[SourceVersion "1"]
[SourceVersionDate "2021.10.06"]
[SourceQuality "1"]

1. d4 Nf6 2. c4 c5 3. d5 e5 4. Nc3 d6 5. e4 g6 6. Nf3 Bg7 7. g3 0-0 8. Bg2 Nh5 9. 0-0 a6 10. Ne1 b5 11. b3 Qd7 12. cxb5 axb5 13. Nc2 f5 14. Bb2 b4 15. Nb1 Ba6 16. Re1 Qf7 17. Bh3 Kh8 18. Nd2 f4 19. g4 Bc8 20. f3 Nf6 21. Bg2 Nbd7 22. Nc4 Qe7 23. Rf1 Ne8 24. Ne1 Nc7 25. Nd3 Nb5 26. Qd2 Ba6 27. Rfc1 Nd4 28. Bxd4 exd4 29. Rc2 Bxc4 30. Rxc4 Be5 31. Rc2 Ra3 32. Rac1 Kg7 33. Qf2 Rb8 34. Bf1 Nb6 35. Qd2 g5 36. Re1 Na8 37. h3 Rb7 38. Kh1 Kg6 39. Nxe5+ Qxe5 40. Bd3 Nc7 41. Qf2 Kf6 42. Rd1 Ra5 43. Rdd2 Ne8 44. Kg2 Kg7 45. Kg1 Nf6 46. Qf1 Rb6 47. Rh2 Ra8 48. h4 h6 49. hxg5 hxg5 50. Rcd2 Ra5 0-1

[Event "Novosibirsk-ch"]
[Site "Novosibirsk"]
[Date "2007.02.17"]
[Round "4"]
[White "Evtushenko, Grigoriy"]
[Black "Nikitin, Gennady Sergeevich"]
[Result "1-0"]
[WhiteElo "2153"]
[BlackElo "2123"]
[PlyCount "45"]
[EventDate "2007.02.14"]
[EventType "swiss"]
[EventRounds "9"]
[EventCountry "RUS"]
[SourceTitle "EXT 2008"]
[Source "ChessBase"]
[SourceDate "2007.11.25"]
[SourceVersion "1"]
[SourceVersionDate "2007.11.25"]
[SourceQuality "1"]

1. e4 c5 2. c3 Nf6 3. e5 Nd5 4. d4 cxd4 5. Nf3 Nc6 6. Bc4 Nb6 7. Bb3 d6 8. e6 Bxe6 9. Bxe6 fxe6 10. Ng5 Qd7 11. cxd4 Nd8 12. Nc3 g6 13. Qd3 Nd5 14. h4 Qc6 15. 0-0 Rc8 16. Bd2 Qc4 17. Qh3 Nxc3 18. Bxc3 Qd5 19. Rfe1 Qf5 20. Qe3 Bh6 21. d5 e5 22. f4 Bg7 23. fxe5 1-0

[Event "Novosibirsk-ch"]
[Site "Novosibirsk"]
[Date "2007.02.16"]
[Round "3"]
[White "Petrukhin, Denis"]
[Black "Evtushenko, Grigoriy"]
[Result "1-0"]
[WhiteElo "2433"]
[BlackElo "2153"]
[PlyCount "79"]
[EventDate "2007.02.14"]
[EventType "swiss"]
[EventRounds "9"]
[EventCountry "RUS"]
[SourceTitle "EXT 2008"]
[Source "ChessBase"]
[SourceDate "2007.11.25"]
[SourceVersion "1"]
[SourceVersionDate "2007.11.25"]
[SourceQuality "1"]

1. e4 c5 2. Nf3 Nc6 3. Bb5 g6 4. c3 d5 5. Qa4 dxe4 6. Bxc6+ bxc6 7. Qxc6+ Bd7 8. Qxe4 Bg7 9. Na3 Nf6 10. Qe2 Nd5 11. 0-0 0-0 12. Qc4 Bf5 13. Re1 Rc8 14. b3 Nb4 15. Ne5 Nd3 16. Nxd3 Bxd3 17. Qa4 e5 18. Nc4 e4 19. Qxa7 f5 20. Qb6 Qg5 21. Qe6+ Kh8 22. Ne5 f4 23. Nxd3 f3 24. g3 exd3 25. h4 Qh5 26. Re4 g5 27. Qg4 Qxg4 28. Rxg4 Rfe8 29. Bb2 Re2 30. Rd1 Ra8 31. a4 Rb8 32. Ba3 Rxb3 33. Bxc5 Rb2 34. Be3 gxh4 35. Rxh4 Ra2 36. Rh5 Rxa4 37. Rd5 h6 38. Rxd3 h5 39. Rd5 h4 40. Rh5+ 1-0

[Event "Novosibirsk-ch"]
[Site "Novosibirsk"]
[Date "2007.02.14"]
[Round "1"]
[White "Kopylov, Alexander"]
[Black "Evtushenko, Grigoriy"]
[Result "1/2-1/2"]
[WhiteElo "2327"]
[BlackElo "2153"]
[PlyCount "99"]
[EventDate "2007.02.14"]
[EventType "swiss"]
[EventRounds "9"]
[EventCountry "RUS"]
[SourceTitle "EXT 2008"]
[Source "ChessBase"]
[SourceDate "2007.11.25"]
[SourceVersion "1"]
[SourceVersionDate "2007.11.25"]
[SourceQuality "1"]

1. d4 Nf6 2. c4 c5 3. d5 e5 4. Nc3 d6 5. e4 g6 6. Be2 Bg7 7. Nf3 0-0 8. 0-0 Ne8 9. Ne1 f5 10. f3 f4 11. Nd3 Nd7 12. Rb1 g5 13. b4 b6 14. a4 Ndf6 15. a5 h5 16. axb6 axb6 17. bxc5 bxc5 18. Nf2 Qd7 19. h3 Nh7 20. Bd2 Bf6 21. Ra1 Rxa1 22. Qxa1 Qg7 23. Rb1 g4 24. fxg4 Bh4 25. Ncd1 hxg4 26. hxg4 Nhf6 27. Qc3 Nxg4 28. Nxg4 Bxg4 29. Bxg4 Qxg4 30. Qf3 Qg6 31. Rb6 Bg3 32. Kf1 Nf6 33. Rxd6 Qxe4 34. Qe2 Qf5 35. Bc3 Ne4 36. Re6 f3 37. gxf3 Ng5 38. Qe3 Nxe6 39. dxe6 Qxf3+ 40. Qxf3 Rxf3+ 41. Ke2 Rf6 42. Kd3 Rxe6 43. Ke4 Rd6 44. Ne3 Bf2 45. Bxe5 Re6 46. Ng4 Bd4 47. Kd5 Rg6 48. Bxd4 cxd4 49. Ne5 Rg1 50. Kxd4 1/2-1/2